00473nam a2200157Ia 4500008004100000020000900041041000800050082001700058100002800075245001300103260003800116520000600154906001200160999001700172952012600189221007s9999 xx 000 0 und d a1645 aeng a005.133bKOC aKoch G & Loney K996849 aOracle 8 c1998bTata Mcgraw HillaNew Delhi a2 bGeneral c61293d61293 00104070aHIMRbHIMRd2005-06-07eSatya Gilanil0o005.133 KOCpHIMR-AV-17r2022-10-07 00:00:00w2005-06-07yVCzAV0017